La cultura nei colori #4 - Verde - Statistics

Statistiche generali
  • Questo quiz è stato fatto 2.366 volte
  • Il punteggio medio è 13 su 22
Statistiche sulle risposte
Definizioni Risposte % Corretto
Supereroe che quando si arrabbia diventa un gigantesco bestione verde L'Incredibile Hulk
92%
Salsa verde tipica di Genova con cui condire le trofie Pesto
91%
L'ha verde chi si appassiona di giardinaggio Pollice verde
91%
Pigmento che dà il caratteristico colore verde alle foglie Clorofilla
89%
Salsa verde giapponese Wasabi
86%
Carlo attore comico italiano Verdone
81%
Supereroe della DC Comics interpretato da Ryan Reynolds Lanterna verde
71%
Sport nel quale si gioca su un "green" Golf
69%
Religione a cui è associato il colore verde Islam
68%
Paese europeo di cui il verde è colore nazionale Irlanda
67%
Completa il modo di dire: "Far vedere i _____ verdi" Sorci
64%
Varietà del berillio molto preziosa Smeraldo
61%
Nazione insulare dove si parla portoghese Capo Verde
60%
Romanzo di Stephen King e famoso film con Tom Hanks Il Miglio Verde
60%
Il gruppo che canta "Basket case" Green Day
58%
Squadra di calcio campana con la maglia di colore verde Avellino
54%
Famosa canzone di Marcella Bella del 1972 Montagne Verdi
43%
Sono verdi e fritti in un film con Kathy Bates Pomodori
38%
Paese la cui bandiera fino al 2011 era completamente verde Libia
29%
Oscar al miglior film del 2018 Green Book
27%
Pittore delle "Nozze di Cana" che ha dato il nome ad una varietà di verde Paolo Veronese
10%
Nome dispregiativo che viene dato alla giungla equatoriale Inferno verde
6%
Nessun quiz corrispondente trovato
Distribuzione punteggi
Percentuale di utenti per punteggio
Percentile per numero di risposta
I tuoi punteggi nel tempo
Non hai fatto questo quiz